LEADER 01010nam a2200241 u 4500 001 000000038817 003 CaOOAMICUS 005 20070226113923.0 008 980428s1896 it u000 u ita u 035 $a10792707 040 $aPUL(R)$bita 100 1 $aMosca, Tommaso.$0(OLS)http://pul/name/28933 245 10$aNuovi studi e nuove dottrine sulla colpa nel diritto civile, penale ed amministrativo /$cTommaso Mosca. 260 $aRoma :$bG. Bertero,$c1896. 300 $a206 p. ;$c26 cm 500 $aContiene indici. 504 $aBibliografia in nota. 650 4$aColpa (diritto penale).$0(OLS)http://pul/subject/18066 850 $aPUL 852 $aPUL$W1$xDP1 Antico 800$y27$m178 H 9$j52843$nBK-PRI$b $qStampati Antico$B52843$CPULBib$Z2$F52843 $H $81 941 1 $a15 996 $6245$aNuovi studi e nuove dottrine sulla colpa nel diritto civile, penale ed amministrativo$9(OLS)http://pul/title/52630 996 $6260$aRoma :$bG. Bertero$9(OLS)http://pul/publisher/55878 LEADER 01136nam a2200277 a 4500 001 000000136767 003 CaOOAMICUS 005 20131206134009.0 008 131206s1984 it u000 u ita r 040 $aPUL$bita 041 1 $aita$hfre 100 1 $aWiesel, Elie.$0(OLS)http://pul/name/86279 240 10$aContre la mélancolie.$lItaliano.$0(OLS)http://pul/title/173168 245 10$aContro la malinconia :$bcelebrazione hassidica 2. /$cElie Wiesel. 260 $aMilano :$bSpirali,$c1984. 300 $a221 p. ;$c21 cm. 490 1 $aL'alingua ;$v32 830 2$aL'alingua ;$v32.$0(OLS)http://pul/title/72431 850 $aPUL 852 $aPUL$W1$xDP1 Fondo Dalla Palma$y117$m2 A 7$j7445$qFondi$B194309$CPULBib$Z2$F194309 $HDal2976 $81 852 $aPUL$W1$xDP1 Fondo E. Rossi$y115$m2 I 1$j157542$qFondi$B157002$CPULBib$Z2$F157002 $82 941 1 $a1 961 $aSul dorso collocazione ms. di E. Rossi: IX 3 996 $6245$aContro la malinconia :$bcelebrazione hassidica 2.$9(OLS)http://pul/title/173169 996 $6260$aMilano :$bSpirali$9(OLS)http://pul/publisher/74655